000 00905nam a2200253 i 4500
001 64215
003 ES-MaACL
005 20250817062549.0
007 t|
008 031222s1979 sp |||| | spa d
245 0 0 _aFlora y fauna acuáticas
_b: conferencias /
_cJosé Manuel Viéitez Martín ... [et al.].
260 _aMadrid :
_bFundación Juan March,
_c[1979]
300 _a69 p. :
_bil. ;
_c21 cm.
490 1 _aSerie universitaria
594 _aConferencias-coloquio celebradas en la Fundación Juan March dentro de las II Semana de Biología, 1979.
650 7 _aFlora de agua dulce
_2embne
_9168004
650 4 _aFauna de agua dulce.
_9168005
700 1 _aViéitez Martín, José Manuel.
_9114573
710 2 _aFundación Juan March
_94346
711 2 _aSemana de Biología (
_n2ª)
_9982
830 0 _aSerie universitaria
_9180747
852 _aES-MaACL
_jA-10002
999 _c64215
_d64215